Paroles - Céleste Jérusalem - Statistiques

Statistiques générales
  • Ce quiz a été pris 21 fois
  • Le résultat moyen est 123 sur 170
Statistiques - réponses
Paroles % Correct
l’
95%
L’
95%
s’
95%
Jérusalem
90%
le
90%
Le
90%
les
90%
n’
90%
Nous
90%
nous
90%
cité
86%
dans
86%
de
86%
Dieu
86%
la
86%
se
86%
cieux
81%
Notre
81%
notre
81%
trouve
81%
Agneau
76%
gloire
76%
Céleste
71%
épouse
71%
Il
71%
Resplendissante
71%
verrons
71%
plus
67%
sa
67%
y
67%
du
62%
en
62%
soleil
62%
aura
57%
Et
57%
et
57%
jamais
57%
lumière
57%
sur
57%
allé
52%
deviendra
52%
est
52%
ni
48%
nuit
48%
passerons
48%
ancien
43%
avec
43%
Car
43%
flambeau
43%
joie
38%
monde
38%
répandra
38%
demeure
33%
essuiera
33%
larmes
33%
maintenant,
33%
nos
33%
puissance
33%
salut
33%
yeux
33%
donc
29%
pleurs
29%
règne
29%
voici
29%
vous
29%
fin
24%
règnera
24%
Soyez
24%
sans
19%
siècles
19%
peines
14%
Aucun quiz correspondant
Distribution des résultats
% des personnes avec chaque résultat
Percentile par nombre de réponses
Votre historique - résultats
Vous n’avez pas pris ce quiz